[Event "HUN-chT U18"]
[Site "Miskolc"]
[Date "2010.11.02"]
[Round "1.15"]
[White "Berkes, Bence"]
[Black "Pregun, Balint"]
[Result "0-1"]
[WhiteElo "1603"]
[BlackElo "1877"]
[PlyCount "64"]
[EventDate "2010.11.02"]
[EventType "team-swiss"]
[EventRounds "8"]
[EventCountry "HUN"]
[SourceTitle "EXT 2016"]
[Source "ChessBase"]
[SourceDate "2015.10.08"]
[SourceVersion "1"]
[SourceVersionDate "2015.10.08"]
[SourceQuality "1"]

1. e4 e5 2. Nf3 Nc6 3. Bb5 a6 4. Ba4 Nf6 5. d3 b5 6. Bb3 Bc5 7. Bg5 h6 8. Bh4 d6 9. Bd5 Bb7 10. c3 g5 11. Bxc6+ Bxc6 12. Bg3 Qe7 13. Nbd2 Bb7 14. c4 Nh5 15. cxb5 axb5 16. a4 Nxg3 17. fxg3 bxa4 18. Rxa4 0-0 19. Ke2 Rxa4 20. Qxa4 g4 21. Nh4 Qg5 22. Nf5 Bc8 23. d4 exd4 24. Nxd4 Qe5 25. N4b3 Bb6 26. Qa1 d5 27. Qb1 dxe4 28. Qxe4 Qxe4+ 29. Nxe4 Re8 30. Nbd2 f5 31. Rf1 Ba6+ 32. Kd1 fxe4 0-1

[Event "HUN-chT2 Maroczy 0910"]
[Site "Hungary"]
[Date "2010.01.17"]
[Round "4"]
[White "Szasz, Janos"]
[Black "Berkes, Bence"]
[Result "1-0"]
[WhiteElo "1827"]
[BlackElo "1184"]
[PlyCount "119"]
[EventDate "2009.11.08"]
[EventType "team-tourn"]
[EventRounds "11"]
[EventCountry "HUN"]
[SourceTitle "EXT 2011"]
[Source "ChessBase"]
[SourceDate "2010.11.26"]
[SourceVersion "1"]
[SourceVersionDate "2010.11.26"]
[SourceQuality "1"]
[WhiteTeam "Gyula"]
[BlackTeam "MLTC II"]
[WhiteTeamCountry "HUN"]
[BlackTeamCountry "HUN"]

1. d4 d5 2. Nf3 e6 3. Bf4 c5 4. e3 Nc6 5. Be2 Nf6 6. 0-0 Be7 7. c3 0-0 8. Nbd2 b6 9. Ne5 Nxe5 10. Bxe5 Bd6 11. f4 Be7 12. Bxf6 Bxf6 13. Nf3 Qc7 14. Ne5 Be7 15. Rc1 f6 16. Nf3 Bd7 17. Bd3 Bd6 18. Nh4 f5 19. Nf3 Rab8 20. Ne5 Bxe5 21. fxe5 g6 22. Qe1 Qd8 23. Qg3 Qe7 24. Qh3 Bc6 25. Rf3 Rb7 26. Rcf1 Bd7 27. Kh1 Rbb8 28. Qh6 Qg7 29. Qh3 Qe7 30. Rg3 Rf7 31. Qh6 Rg7 32. h4 Rf8 33. Rg5 Rff7 34. Rf3 Bc8 35. Rfg3 Bd7 36. Be2 f4 37. exf4 Rxf4 38. Rf3 Rxf3 39. Bxf3 cxd4 40. cxd4 Qb4 41. Rg4 Qxb2 42. Qg5 Qb1+ 43. Kh2 Qf5 44. Qh6 Qf8 45. h5 gxh5 46. Qxh5 Rxg4 47. Qxg4+ Qg7 48. Qh4 Kf8 49. Bh5 Be8 50. Bg4 Qf7 51. Qh6+ Ke7 52. Qg5+ Kd7 53. Qd2 Qg6 54. Bh3 Qe4 55. Qb4 Qf4+ 56. Kg1 Qc1+ 57. Kh2 Qc4 58. Qd6+ Kc8 59. Bxe6+ Kb7 60. Bxd5+ 1-0

[Event "HUN-chT2 Maroczy 0910"]
[Site "Hungary"]
[Date "2009.11.22"]
[Round "2"]
[White "Csorsz, Ferenc"]
[Black "Berkes, Bence"]
[Result "1-0"]
[WhiteElo "2023"]
[BlackElo "1184"]
[PlyCount "61"]
[EventDate "2009.11.08"]
[EventType "team-tourn"]
[EventRounds "11"]
[EventCountry "HUN"]
[SourceTitle "EXT 2011"]
[Source "ChessBase"]
[SourceDate "2010.11.26"]
[SourceVersion "1"]
[SourceVersionDate "2010.11.26"]
[SourceQuality "1"]
[WhiteTeam "Nyiregyhaza"]
[BlackTeam "MLTC II"]
[WhiteTeamCountry "HUN"]
[BlackTeamCountry "HUN"]

1. e4 e5 2. Nf3 Nc6 3. Bc4 Nf6 4. d3 Be7 5. 0-0 d6 6. Re1 Bg4 7. Nbd2 0-0 8. c3 a6 9. a4 Na5 10. Ba2 c5 11. Nc4 Nc6 12. Ne3 Be6 13. Ng5 Bd7 14. Qb3 Na5 15. Nxf7 Qc7 16. Nd5 Nxb3 17. Nxc7 Nxc1 18. Rexc1 Rxf7 19. Bxf7+ Kxf7 20. Nxa8 Bd8 21. b4 a5 22. bxc5 dxc5 23. Rcb1 b5 24. axb5 Bc8 25. b6 Bb7 26. Nc7 Nd7 27. Rxa5 Kg8 28. Ra7 Bc6 29. Nd5 Nb8 30. b7 Kf7 31. Ra8 1-0